000 00531cam a2200145 4500500
005 20260405002354.0
041 _afre
042 _adc
100 1 0 _aRibéreau-Gayon, Philippe
_eauthor
245 0 0 _aOlivier Le Cour Grandmaison La fabrique du roman national-républicain Éditions Amsterdam, 2025, 304 pages, 20 €.
260 _c2026.
500 _a22
786 0 _nÉtudes | - | 4 | 2026-03-31 | p. 128a-129 | 0014-1941
856 4 1 _uhttps://shs.cairn.info/revue-etudes-2026-4-page-128a?lang=fr&redirect-ssocas=7080
999 _c2057115
_d2057115